书目信息 |
| 题名: |
大学生体育与健康
|
|
| 作者: | 丁美俊 主编 | |
| 分册: | ||
| 出版信息: | 开封 河南大学出版社 2002.08 |
|
| 页数: | 323页 | |
| 开本: | 26cm | |
| 丛书名: | ||
| 单 册: | ||
| 中图分类: | G806 | |
| 科图分类: | ||
| 主题词: | 体育理论 | |
| 电子资源: | ||
| ISBN: | 978-7-81041-958-1 | |
| 000 | 00528nam0 2200181 450 | |
| 001 | 0853756487 | |
| 005 | 20090302155738.60 | |
| 010 | @a978-7-81041-958-1@dCNY21.80 | |
| 100 | @a20080617d2002 km y0chiy0120 ea | |
| 101 | 0 | @achi |
| 200 | 1 | @a大学生体育与健康@Ada xue sheng ti yu yu jian kang@f丁美俊等主编@Fding mei jun deng zhu bian |
| 210 | @a开封@c河南大学出版社@d2002.08 | |
| 215 | @a323页@d26cm | |
| 606 | 0 | @a体育理论 |
| 690 | @aG806@v4 | |
| 701 | 0 | @a丁美俊@Ading mei jun@4主编 |
| 801 | 0 | @aCN@c20090302 |
| 905 | @dG806@eD540-1 | |
| 大学生体育与健康/丁美俊等主编.-开封:河南大学出版社,2002.08 |
| 323页;26cm |
| ISBN 978-7-81041-958-1:CNY21.80 |
| ● |
| 相关链接 |
|
|
|
正题名:大学生体育与健康
索取号:G806/D540-1
 
预约/预借
| 序号 | 登录号 | 条形码 | 馆藏地/架位号 | 状态 | 备注 |
| 1 | 452760 | 204527609 | 社科二线422/409社科库 19排4列4层/ [索取号:G806/D540-1] | 在馆 | |
| 2 | 460977 | 204609771 | 社科库409/409社科库 19排4列4层/ [索取号:G806/D540-1] | 在馆 | |
| 3 | 460978 | 204609780 | 社科库409/409社科库 19排4列4层/ [索取号:G806/D540-1] | 在馆 |